| 000 | 02110nad a22003973ic4500 | ||
|---|---|---|---|
| 001 | EBC7081108 | ||
| 003 | MiAaPQ | ||
| 005 | 20221026165159.0 | ||
| 007 | cr cnu|||||||| | ||
| 008 | 221021s2022 xx o ||||0 eng d | ||
| 020 |
_a9781350226722 _q(electronic bk.) |
||
| 020 | _z9781474298803 | ||
| 040 |
_aMiAaPQ _beng _cMiAaPQ |
||
| 245 | 1 | 2 |
_aA Cultural History of Objects _nVolume 6 _pIn the Modern Age _cedited by Laurie A. Wilkie and John M. Chenoweth |
| 264 | 1 |
_aLondon : _bBloomsbury Publishing Plc, _c2022. |
|
| 264 | 4 | _c©2022. | |
| 300 | _a1 online resource (281 pages) | ||
| 336 |
_aText _btxt _2rdacontent |
||
| 337 |
_aComputermedien _bc _2rdamedia |
||
| 338 |
_aOnline Resource _bcr _2rdacarrier |
||
| 490 | 1 | _aThe cultural histories series | |
| 500 | _aE-Book-ProQuest / Fernzugriff nach Registrierung möglich | ||
| 505 | 0 | _aCover -- Contents -- List of Illustrations -- Series Preface -- Introduction Laurie A. Wilkie and John M. Chenoweth -- 1 Objecthood Christopher Witmore -- 2 Technology Steven A. Walton and Timothy J. Scarlett -- 3 Economic Objects Paul Graves-Brown -- 4 Everyday Objects Stacey L. Camp -- 5 Art Susanne Küchler and Timothy Carroll -- 6 Architecture Paul R. Mullins -- 7 Bodily Objects Laurie A. Wilkie, Katrina C. L. Eichner, Kelly Fong, David G. Hyde, Alyssa Scott, and Annelise Morris -- 8 Object Worlds Alfredo González-Ruibal -- Notes -- Bibliography -- Notes on Contributors -- Index. | |
| 650 | 4 |
_aKunsthandwerk _915718 |
|
| 650 | 4 |
_aAlltagsgegenstand _915719 |
|
| 650 | 4 | _aSachkultur | |
| 655 | 4 | _aElectronic books. | |
| 655 |
_aFernzugriff _9230 |
||
| 700 | 1 |
_aWilkie, Laurie. _4edt _eeditor _915634 |
|
| 700 | 1 |
_aChenoweth, John. _4edt _eeditor _915635 |
|
| 773 | 0 | 8 |
_qVolume6 _w1675693072 |
| 776 | 0 | 8 |
_iPrint version: _aWilkie, Laurie _tA Cultural History of Objects in the Modern Age _dLondon : Bloomsbury Publishing Plc,c2022 _z9781474298803 |
| 830 | 4 |
_a The cultural histories series _96986 |
|
| 856 | 4 | 0 |
_uhttps://ebookcentral.proquest.com/lib/maxweberstiftung-ebooks/detail.action?docID=7081108 _zVolltext |
| 942 |
_cEB _2z |
||
| 999 |
_c60912 _d60912 |
||